Toutes les équipes ayant joué en Top 14 - rugby - Statistiques

Statistiques générales
  • Ce quiz a été pris 95 fois
  • Le résultat moyen est 21 sur 26
Statistiques - réponses
Clubs % Correct
Stade Toulousain
100%
LOU Rugby
98%
RC Toulon
98%
Stade Rochelais
98%
Stade Français
96%
Aviron Bayonnais
95%
Biarritz Olympique
95%
ASM Clermont
94%
Union Bordeaux Bègles
94%
Castres Olympique
93%
Section Paloise
93%
Montpellier HR
91%
USA Perpignan
91%
RC Vannes
90%
Racing 92
88%
FC Grenoble
83%
CA Brive
80%
Oyonnax Rugby
79%
US Montauban
78%
SU Agen
76%
Stade Montois
69%
US Dax
69%
RC Narbonne
61%
SC Albi
58%
CS Bourgoin-Jallieu
43%
FC Auch
43%
Aucun quiz correspondant
Distribution des résultats
% des personnes avec chaque résultat
Percentile par nombre de réponses
Votre historique - résultats
Vous n’avez pas pris ce quiz